000 00842nam a2200205 a 4500
001 BRCA_291
005 20190320202940.0
008 910903r19901910mx-a---###---s000-0#spa-#
040 _aDLC
_cDLC
050 4 _aF1391.P8
_b.C37 1990
100 1 _aCasarrubias Ibarra, Luis
_9976
245 1 0 _aMi patria chica
_bcurso elemental de geografía del Esatdo de Puebla : texto, cartas, grabados
_cpor el profesor Luis Casarrubias Ibarra.
260 _aPuebla
_bGobierno del Estado, Secretaría de Cultura
_c1990
300 _a69 p.
_bil. (algunas a color), mapas
_c28 cm.
500 _aFacsímil de: Paris : Librería de la Vda. de C. Bouret, 1910
500 _aApéndices: división política. Extensiones. Población. Densidades
651 4 _aPuebla (Estado)
_xDescripción y viajes
_9977
651 4 _aPuebla (Estado)
_xGeografía
_9978
942 _2lcc
_cB
999 _c235
_d235